000 00496nam a22001937a 4500
005 20231118092119.0
008 231118b ||||| |||| 00| 0 eng d
040 _cAL
041 _aeng
082 _223
_a547
_bSONT
100 _aSoni
_9142055
100 _dChawla
_9142056
245 _aText Book of Organic Chemistry
260 _aNew Delhi
_bSultan Chand and Sons
_c1992
650 _aOrganic Chemistry
_9142057
700 _aSONI
_9142058
700 _aCHAWLA
_9142059
942 _2ddc
_cBK
999 _c229217
_d229217